Stemmi Squadre di calcio dal dettaglio - Quiz n°7 - Statistics

Statistiche generali
  • Questo quiz è stato fatto 11 volte
  • Il punteggio medio è 6 su 10
Statistiche sulle risposte
con Immagini Risposta % Corretto
Borussia Dortmund
100%
Spezia
73%
Colo-Colo
64%
Hearts
64%
Inter
64%
Sassuolo
64%
Taranto
64%
Burnley
55%
Huddersfield Town
36%
Celta Vigo
18%
Nessun quiz corrispondente trovato
Distribuzione punteggi
Percentuale di utenti per punteggio
Percentile per numero di risposta
I tuoi punteggi nel tempo
Non hai fatto questo quiz